<?xml version="1.0" encoding="UTF-8"?><?xml-stylesheet type="text/xsl" href="static/style.xsl"?><OAI-PMH xmlns="http://www.openarchives.org/OAI/2.0/" xmlns:xsi="http://www.w3.org/2001/XMLSchema-instance" xsi:schemaLocation="http://www.openarchives.org/OAI/2.0/ http://www.openarchives.org/OAI/2.0/OAI-PMH.xsd"><responseDate>2026-06-30T01:14:44Z</responseDate><request verb="GetRecord" identifier="oai:riubu.ubu.es:10259/4272" metadataPrefix="marc">https://riubu.ubu.es/oai/request</request><GetRecord><record><header><identifier>oai:riubu.ubu.es:10259/4272</identifier><datestamp>2022-12-20T10:59:12Z</datestamp><setSpec>com_10259_4244</setSpec><setSpec>com_10259_5086</setSpec><setSpec>com_10259_2604</setSpec><setSpec>col_10259_4245</setSpec></header><metadata><record xmlns="http://www.loc.gov/MARC21/slim" xmlns:doc="http://www.lyncode.com/xoai" xmlns:xsi="http://www.w3.org/2001/XMLSchema-instance" xmlns:dcterms="http://purl.org/dc/terms/" xsi:schemaLocation="http://www.loc.gov/MARC21/slim http://www.loc.gov/standards/marcxml/schema/MARC21slim.xsd">
<leader>00925njm 22002777a 4500</leader>
<datafield tag="042" ind1=" " ind2=" ">
<subfield code="a">dc</subfield>
</datafield>
<datafield tag="720" ind1=" " ind2=" ">
<subfield code="a">Martínez Velasco, Rodrigo</subfield>
<subfield code="e">author</subfield>
</datafield>
<datafield tag="720" ind1=" " ind2=" ">
<subfield code="a">Sanz Díez, Mª Teresa</subfield>
<subfield code="e">author</subfield>
</datafield>
<datafield tag="720" ind1=" " ind2=" ">
<subfield code="a">Beltrán Calvo, Sagrario</subfield>
<subfield code="e">author</subfield>
</datafield>
<datafield tag="720" ind1=" " ind2=" ">
<subfield code="a">Corcuera Tecedor, Elena</subfield>
<subfield code="e">author</subfield>
</datafield>
<datafield tag="260" ind1=" " ind2=" ">
<subfield code="c">2012-05</subfield>
</datafield>
<datafield tag="520" ind1=" " ind2=" ">
<subfield code="a">Activity coefficients at infinite dilution in water have been&#xd;
determined for some aroma compounds detected in brown crab liquid effluent&#xd;
produced during boiling (1-octen-3-ol, 1-penten-3-ol, 3-methylbutanal, hexanal,&#xd;
benzaldehyde, 2,3-pentadione, and ethyl acetate) by using the headspace gas&#xd;
chromatography technique (HSGC). Experimental data have been obtained&#xd;
over the temperature range of (40 to 50) °C. In this work, activity coefficients at&#xd;
infinite dilution for different kinds of systems have been considered: one&#xd;
component solute + water and multicomponent solute + water. No significant&#xd;
differences were observed between activity coefficients obtained in these two&#xd;
kinds of systems. Additionally the effect of salt concentration at 40 °C has been&#xd;
studied by varying the salt concentration from (0 to 1.71) mol·kg−1.&#xd;
Experimental data were fitted as a function of salt concentration by using the&#xd;
Setschenow equation, obtaining the salting-out coefficient.</subfield>
</datafield>
<datafield tag="024" ind2=" " ind1="8">
<subfield code="a">0021-9568</subfield>
</datafield>
<datafield tag="024" ind2=" " ind1="8">
<subfield code="a">http://hdl.handle.net/10259/4272</subfield>
</datafield>
<datafield tag="024" ind2=" " ind1="8">
<subfield code="a">10.1021/je2013878</subfield>
</datafield>
<datafield ind1=" " ind2=" " tag="653">
<subfield code="a">aroma compounds</subfield>
</datafield>
<datafield ind1=" " ind2=" " tag="653">
<subfield code="a">activity coefficients at infinite dilution</subfield>
</datafield>
<datafield ind1=" " ind2=" " tag="653">
<subfield code="a">salt effect</subfield>
</datafield>
<datafield ind1=" " ind2=" " tag="653">
<subfield code="a">temperature effect</subfield>
</datafield>
<datafield tag="245" ind1="0" ind2="0">
<subfield code="a">Activity coefficients at infinite dilution of volatile compounds in water: effect of temperature and salt concentration</subfield>
</datafield>
</record></metadata></record></GetRecord></OAI-PMH>